C N C Machines (Record no. 1052)
[ view plain ]
| 000 -LEADER | |
|---|---|
| fixed length control field | 00306nam a2200133Ia 4500 |
| 008 - FIXED-LENGTH DATA ELEMENTS--GENERAL INFORMATION | |
| fixed length control field | 191201s2005 xx 000 0 und d |
| 100 ## - MAIN ENTRY--PERSONAL NAME | |
| Personal name | PABLA, B S |
| 245 #0 - TITLE STATEMENT | |
| Title | C N C Machines |
| 250 ## - EDITION STATEMENT | |
| Edition statement | 1st |
| 260 ## - PUBLICATION, DISTRIBUTION, ETC. (IMPRINT) | |
| Place of publication, distribution, etc | N.Delhi |
| Name of publisher, distributor, etc | New Age Int (P) ltd |
| Date of publication, distribution, etc | 2005 |
| 300 ## - PHYSICAL DESCRIPTION | |
| Extent | 107 |
| 650 ## - SUBJECT ADDED ENTRY--TOPICAL TERM | |
| Topical term or geographic name as entry element | B.Tech(ME) |
| 942 ## - ADDED ENTRY ELEMENTS (KOHA) | |
| Source of classification or shelving scheme | Dewey Decimal Classification |
| Koha item type | Text Books |
| Withdrawn status | Lost status | Source of classification or shelving scheme | Damaged status | Not for loan | Collection code | Home library | Current library | Date acquired | Source of acquisition | Cost, normal purchase price | Bill Number | Total Checkouts | Full call number | Acc. no. / Barcode | Date last seen | Date last borrowed | Bill Date | Koha item type |
|---|---|---|---|---|---|---|---|---|---|---|---|---|---|---|---|---|---|---|
| Dewey Decimal Classification | B.Tech(ME) | PIET C-LIBRARY | PIET C-LIBRARY | 10/08/2006 | UDH, Delhi | 110.00 | CM 4732 | 1 | 621 PAC | 1245 | 19/12/2019 | 05/12/2019 | 22/08/2005 | Text Books | ||||
| Dewey Decimal Classification | B.Tech(ME) | PIET C-LIBRARY | PIET C-LIBRARY | 10/08/2006 | UDH, Delhi | 110.00 | CM 4732 | 1 | 621 PAC | 1246 | 06/04/2021 | 28/12/2020 | 22/08/2005 | Text Books | ||||
| Dewey Decimal Classification | B.Tech(ME) | PIET C-LIBRARY | PIET C-LIBRARY | 10/08/2006 | UDH, Delhi | 110.00 | CM 4732 | 621 PAC | 1247 | 04/12/2019 | 22/08/2005 | Text Books | ||||||
| Dewey Decimal Classification | B.Tech(ME) | PIET C-LIBRARY | PIET C-LIBRARY | 10/08/2006 | UDH, Delhi | 110.00 | CM 4732 | 2 | 621 PAC | 1248 | 07/01/2025 | 02/01/2025 | 22/08/2005 | Text Books |